| 000 | 00362nam a2200097Ia 4500 | ||
|---|---|---|---|
| 008 | 220120s9999||||xx |||||||||||||| ||und|| | ||
| 100 |
_aHarshith, Vishwanath, Bhumika, Poojashree _912796 |
||
| 245 | 0 | _aResponse of shear walls configuration of multistored buildin | |
| 260 |
_aCoorg Institute of Technology _bPonnampet _c2019 |
||
| 650 | _aELECTRONICS AND COMMUNICATIONS | ||
| 999 |
_c138396 _d138396 |
||